000
00281nam a2200109Ia 4500
008
230907s9999||||xx |||||||||||||| ||und||
082
_a
660.28,FOG
100
_a
Fogle, H. scott
_9
115243
245
0
_a
Elements of chemical reaction
260
_a
Pearson
_b
British
_c
2014
942
_c
BK
999
_c
597930
_d
597930